Marketingová komunikácia
Saved in:
| Main Author: | |
|---|---|
| Corporate Author: | |
| Other Authors: | , , , , |
| Format: | Book |
| Language: | Slovak |
| Published: |
Bratislava
Vydavateľstvo EKONÓM
2014
|
| Edition: | 1. vyd. |
| Subjects: | |
| Tags: |
No Tags, Be the first to tag this record!
|
MARC
| LEADER | 00000nam$a2200000$$$4500 | ||
|---|---|---|---|
| 001 | 0191339 | ||
| 005 | 20240502073221.3 | ||
| 020 | |a 978-80-225-3852-7 | ||
| 041 | 0 | |a slo | |
| 044 | |a SK | ||
| 245 | 1 | 0 | |a Marketingová komunikácia |c Helena Labská a kolektív ; recenzenti Kornélia Richterová, Peter Štarchoň |
| 250 | |a 1. vyd. | ||
| 264 | 1 | |a Bratislava |b Vydavateľstvo EKONÓM |c 2014 | |
| 300 | |a 323 s. [21,04 AH] | ||
| 610 | 2 | 0 | |a komunikácia marketingová |
| 610 | 2 | 0 | |a reklama |
| 610 | 2 | 0 | |a predaj |
| 610 | 2 | 0 | |a marketing priamy |
| 610 | 2 | 0 | |a mix komunikačný |
| 610 | 2 | 0 | |a marketing elektronický |
| 610 | 2 | 0 | |a komunikácia elektronická |
| 610 | 2 | 0 | |a vzťahy s verejnosťou |
| 610 | 2 | 0 | |a podpora predaja |
| 100 | 1 | |a Labská, Helena | |
| 700 | 1 | |a Loydlová, Miroslava | |
| 700 | 1 | |a Miklošík, Andrej | |
| 700 | 1 | |a Plevová, Katarína, 1989- | |
| 700 | 1 | |a Richterová, Kornélia | |
| 700 | 1 | |a Štarchoň, Peter | |
| 710 | 2 | |a Ekonomická univerzita v Bratislave. Obchodná fakulta | |